| 000 | 00475nam a2200157Ia 4500 | ||
|---|---|---|---|
| 008 | 170221s9999 xx 000 0 und d | ||
| 100 | _aEmma Short | ||
| 245 | 4 | _aThe Impact of Cyberstalking | |
| 245 | _cEmma Short, Andrew Guppy, Jacqui A. Hart, James Barnes | ||
| 260 | _bStudies in Media and Communication | ||
| 260 | _c2015 | ||
| 300 | _a3 : 2 | ||
| 650 | _xCommunication | ||
| 650 | _xMedia Arts | ||
| 856 | _uhttp://redfame.com/journal/index.php/smc/issue/view/42 | ||
| 999 |
_c307124 _d307124 |
||